| 000 | 00601nam a2200181 i 4500 | ||
|---|---|---|---|
| 001 | 104749 | ||
| 003 | ES-MaACL | ||
| 005 | 20230906183658.0 | ||
| 007 | t| | ||
| 008 | 051212s1962 ck ||||1| spa d | ||
| 100 | 1 |
_aMiramón, Alberto. _981512 |
|
| 245 | 1 | 0 |
_aDos vidas no ejemplares _b: Pedro Fermín de Vargas, Manuel Mallo / _cAlberto Miramón. |
| 260 |
_aBogotá : _bPublicaciones Eitoriales, _c1962. |
||
| 300 |
_a268 p. ; _c23 cm. |
||
| 500 | _aPrecede al tít.: Academia Colombiana de Historia. | ||
| 710 | 2 |
_aAcademia Colombiana de Historia. _91156 |
|
| 852 |
_aES-MaACL _jC-23366 _bR.51383 |
||
| 999 |
_c104749 _d104749 |
||